Country and Capital Pairs by Their Initial Letters #1 - Statistics

General Stats
  • This quiz has been taken 1,189 times
  • The average score is 23 of 40
Answer Stats
Pair Answer % Correct
F-P France
96%
F-P Paris
94%
O-M Oman
91%
Q-D Qatar
87%
Y-S Yemen
79%
Z-L Zambia
78%
D-C Denmark
72%
Q-D Doha
71%
J-T Japan
71%
P-W Poland
71%
J-T Tokyo
70%
P-W Warsaw
69%
D-C Copenhagen
68%
R-M Russia
67%
O-M Muscat
66%
C-Z Croatia
65%
H-B Hungary
65%
R-M Moscow
64%
C-Z Zagreb
64%
P-I Pakistan
63%
H-B Budapest
62%
U-M Uruguay
60%
P-I Islamabad
57%
Y-S Sana'a
57%
I-D Ireland
56%
I-D Dublin
54%
A-Y Armenia
52%
U-M Montevideo
52%
Z-L Lusaka
50%
A-K Afghanistan
46%
A-Y Yerevan
46%
L-R Latvia
45%
A-K Kabul
42%
L-R Riga
42%
S-F Freetown
24%
S-F Sierra Leone
23%
M-P Montenegro
22%
M-P Podgorica
20%
S-P Suriname
15%
S-P Paramaribo
13%
No matching quizzes found
Score Distribution
Percent of People with Each Score
Percentile by Number Answered
Your Score History
You have not taken this quiz